000 00669nam a2200277Ia 4500
005 20260324143554.0
008 008 260324s9999 xx 000 0 eng d
020 _a9780203406038
037 _aEBOOK
040 _aCRL
040 _beng
040 _cCRL
041 _2eng
041 _aeng
084 _qCRL
100 _aHance Smith; Adalberto Vallega
_91216129
245 4 _aThe Development of Integrated Sea Use Management
260 _bTaylor and Francis
260 _c1991
365 _a
365 _b74.95
856 _uhttp://www.taylorfrancis.com/books/9780203406038
942 _cEBOOK
999 _c1821687
_d1821687